Review of "proud" (Record no. 6478)
[ view plain ]
| 000 -LEADER | |
|---|---|
| fixed length control field | 00562nam a2200229 a 4500 |
| 020 ## - INTERNATIONAL STANDARD BOOK NUMBER | |
| ISBN | |
| 082 00 - DEWEY DECIMAL CLASSIFICATION NUMBER | |
| Classification number | 361.763 |
| Author Cutter | PAT |
| 100 ## - MAIN ENTRY--AUTHOR NAME | |
| Author name | Patel, Hutokhshi |
| 245 ## - TITLE STATEMENT | |
| Title | Review of "proud" |
| Sub title | a People`s Organisation in Dharavi. |
| 260 ## - PUBLICATION, DISTRIBUTION, ETC. (IMPRINT) | |
| Place of publication | Delhi |
| Name of publisher | ISPCK |
| Year of publication | 1987 |
| 300 ## - PHYSICAL DESCRIPTION | |
| Number of Pages | 55p |
| 500 ## - GENERAL NOTE | |
| General note | includes index and biblioraphy |
| 505 2# - FORMATTED CONTENTS NOTE | |
| Formatted contents note | Index |
| 650 ## - SUBJECT ADDED ENTRY--TOPICAL TERM | |
| Topical Term | Social-Service-ngos |
| 942 ## - ADDED ENTRY ELEMENTS (KOHA) | |
| Koha item type | Books |
| Collection code | Home library | Current library | Date acquired | Cost, normal purchase price | Full call number | Accession Number | Koha item type |
|---|---|---|---|---|---|---|---|
| Henry Martyn Institute Library | Henry Martyn Institute Library | 06/05/2007 | 15.00 | 361.763 PAT | 012749 | Books |
